| 000 | 00575nam a2200217 a 4500 | ||
|---|---|---|---|
| 001 | 0000-8990 | ||
| 003 | ELIB.Books | ||
| 008 | 110520 1961 | ||
| 035 | _a(ELIB.Books)0000-9139 | ||
| 082 |
_a69 _bNea |
||
| 100 | _aNeal, Harry Edward | ||
| 245 | _aTreasures by the Millions | ||
| 250 | _aStudent Edition | ||
| 260 |
_bNew York: Fawcett Publications, Inc. _c1961 |
||
| 650 | _aMuseum Science | ||
| 856 |
_nK.B.T.S Library _uK.B.T.S Library ELIB. |
||
| 942 |
_2ddc _cBK |
||
| 990 | _a1 | ||
| 998 |
_cbat _e2011-05-20 |
||
| 999 |
_c8990 _d8990 |
||